| 000 | 00549cam a2200205ua 4500 | ||
|---|---|---|---|
| 001 | 8175 | ||
| 008 | 190826n ii |||gr||||Z||||||hin | ||
| 040 | _cMAIN | ||
| 041 | _ahin | ||
| 082 | _a891.431 | ||
| 100 |
_aVidyalankar, S., _eEditor. |
||
| 245 |
_aKavya sushma (H) _cEd. by Satyakam Vidyalankar |
||
| 250 | _a1st. | ||
| 260 |
_aDelhi: _bNaya sahitya, _c2004. |
||
| 300 | _a96p. | ||
| 653 | _aEast Indo-European & Celtic literatures | ||
| 653 | _aHindi poetry | ||
| 700 |
_aSatyakam Vidyalankar, _eEditor., _eEditor., _eEditor., |
||
| 942 | _cBK | ||
| 999 |
_c7290 _d7290 |
||